Statistics for Los Angeles Dodgers Retired Numbers

Click here to take the quiz!

General Stats

  • This quiz has been taken 78 times
  • The average score is 7 of 10

Answer Stats

NumberYear RetiredPositionAnswer% Correct
21997ManagerTommy Lasorda
99%
4219721B, 2B, 3B, OFJackie Robinson
90%
11984ShortstopPee Wee Reese
90%
321972PitcherSandy Koufax
84%
531984PitcherDon Drysdale
72%
41980CenterfielderDuke Snider
71%
391972CatcherRoy Campanella
70%
201998PitcherDon Sutton
58%
241977ManagerWalter Alston
49%
1919782B, 3B, OFJim Gilliam
28%

Score Distribution

Percentile by Number Answered

Percent of People with Each Score

Your Score History

You have not taken this quiz